Brother to dragons : (Record no. 17323)
[ view plain ]
| 000 -LEADER | |
|---|---|
| fixed length control field | 01021cam a2200301 a 4500 |
| 001 - CONTROL NUMBER | |
| control field | 17323 |
| 003 - CONTROL NUMBER IDENTIFIER | |
| rucl marc code | BD-RjUL |
| 005 - DATE AND TIME OF LATEST TRANSACTION | |
| control field | 20211209000124.0 |
| 008 - FIXED-LENGTH DATA ELEMENTS--GENERAL INFORMATION | |
| fixed length control field | 140216s1953 enk 000 0 eng |
| 035 ## - SYSTEM CONTROL NUMBER | |
| System control number | (BD-RjUL)17381 |
| 040 ## - CATALOGING SOURCE | |
| Original cataloging agency | DLC |
| Transcribing agency | DLC |
| Modifying agency | DLC |
| Language of cataloging | eng |
| 041 ## - LANGUAGE CODE | |
| Language code of text/sound track or separate title | eng |
| 082 00 - DEWEY DECIMAL CLASSIFICATION NUMBER | |
| Classification number | 811.52 |
| Edition number | 19 |
| Author mark and year | WAB 1953 |
| 100 1# - MAIN ENTRY--PERSONAL NAME | |
| Personal name | Warren, Robert Penn, |
| Dates associated with a name | 1905-1989. |
| 9 (RLIN) | 53378 |
| 245 10 - TITLE STATEMENT | |
| Title | Brother to dragons : |
| Remainder of title | a tale in verse and voices / |
| Statement of responsibility, etc. | by Robert Penn Warren. |
| 260 ## - PUBLICATION, DISTRIBUTION, ETC. (IMPRINT) | |
| Place of publication, distribution, etc. | London : |
| Name of publisher, distributor, etc. | Eyre & Spottiswoode, |
| Date of publication, distribution, etc. | c1953. |
| 300 ## - PHYSICAL DESCRIPTION | |
| Pagination | xii, 230 p. ; |
| Size | 21 cm. |
| 600 10 - SUBJECT ADDED ENTRY--PERSONAL NAME | |
| Personal name | Jefferson, Thomas, |
| Dates associated with a name | 1743-1826 |
| Personal name | Lewis, Lucy Jefferson, |
| Dates associated with a name | 1752-1811 |
| Personal name | Lewis, Isham, |
| Dates associated with a name | -1815? |
| Personal name | Lewis, Lilburn, |
| Dates associated with a name | -1812 |
| 650 #0 - SUBJECT ADDED ENTRY--TOPICAL TERM | |
| Topical term or geographic name as entry element | African Americans |
| General subdivision | Crimes against |
| Geographic subdivision | Kentucky |
| Form subdivision | Poetry. |
| 9 (RLIN) | 53383 |
| Topical term or geographic name as entry element | Slavery |
| Geographic subdivision | Kentucky |
| General subdivision | History |
| Form subdivision | Poetry. |
| 9 (RLIN) | 53384 |
| Topical term or geographic name as entry element | Murder |
| Geographic subdivision | Kentucky |
| General subdivision | History |
| Form subdivision | Poetry. |
| 9 (RLIN) | 53385 |
| 942 ## - ADDED ENTRY ELEMENTS (KOHA) | |
| Source of classification or shelving scheme | Dewey Decimal Classification |
| Koha item type | Books |
| Lost status | Source of classification or shelving scheme | Damaged status | Not for loan | Collection code | Permanent Location | Current Location | Shelving location | Date acquired | Source of acquisition | Cost, normal purchase price | Total Checkouts | Full call number | Date last seen | Copy number | Koha item type |
|---|---|---|---|---|---|---|---|---|---|---|---|---|---|---|---|
| Dewey Decimal Classification | Not For Loan | Fiction | Central Library, University of Rajshahi | Central Library, University of Rajshahi | Reading Room | 03/05/1965 | Zeitlinger | 15.00 | 811.52 WAB 1953 | 16/02/2014 | C-1 | Books |